La nostalgia de lo absoluto: pensar a Hegel hoy

Uloženo v:
Podrobná bibliografie
Hlavní autoři: Acosta López, María del Rosario (Autor), Díaz Ardila, Jorge Aurelio (Autor)
Médium: Kniha
Jazyk:španělština
Vydáno: Bogotá Universidad Nacional de Colombia 2008
Vydání:1a. ed
Edice:Biblioteca Abierta. Colección General, Serie Filosofía, 351
Témata:
Tagy: Přidat tag
Žádné tagy, Buďte první, kdo vytvoří štítek k tomuto záznamu!

MARC

LEADER 00000nam a2200000 a 4500
001 UCI9396
003 CL-VaPUC
005 20230421074440.0
008 081113e20080000CK |||||||||||||||||spa|d
999 |c 331942  |d 331940 
020 |a 9789587019339 
040 |c Pontificia Universidad Católica de Valparaíso 
082 0 4 |a 193  |b ACO  |2 21 
100 0 |a Acosta López, María del Rosario  |e author  |9 533124 
245 1 3 |a La nostalgia de lo absoluto: pensar a Hegel hoy 
250 |a 1a. ed 
260 |a Bogotá  |b Universidad Nacional de Colombia  |c 2008 
300 |a 306 p 
490 0 |a Biblioteca Abierta. Colección General, Serie Filosofía, 351 
583 |a last modification  |c 20081113 00:00:00  |k Rodrigo Vera 
600 0 |a Hegel, Georg Wilhelm Friedrich  |d 1770-1831  |9 860268 
650 0 |a Filosofía alemana   |9 265002 
650 0 |a Escuelas filosóficas   |9 266232 
650 0 |a Filosofía moral   |9 310115 
650 0 |a Filosofía de la religión   |9 256017 
650 0 |a Filosofía del arte  |9 264951 
700 0 |a Díaz Ardila, Jorge Aurelio  |e author  |9 533125 
942 |c BK  |2 ddc 
945 |d 20081113 00:00:00  |a cmena 
952 |0 0  |1 0  |4 0  |6 193_000000000000000_ACO_2008  |7 0  |8 A  |9 419186  |a BIBEDU  |b BIBEDU  |d 2019-11-22  |i 4496965  |o 193 ACO 2008  |p 4496965  |r 2019-11-22  |w 2019-11-22  |y BK  |k FIL